Представление документа в формате MARC21

Поле Инд. ПП Название Значение
Тип записи a
Библиографический уровень m
001 Контрольный номер RU/IS/BASE/138465734
005 Дата корректировки 20250416140641.0
084 a Индекс другой классификации/Индекс ББК 26.311; 26.303
090 a Полочн. индекс 26.311 испр.
x Авторский знак Г 593
100 1_ a Автор Годовиков А. А.
q Полное имя Годовиков Александр Александрович
245 10 a Заглавие Минералогия
260 a Место издания Москва
b Издательство Недра
c Дата издания 1975
300 a Объем 520 с.
b Иллюстрации/ тип воспроизводства ил.
336 a Термин вида содержания Текст
337 a Термин типа средства непосредственный
504 a Библиография Предм. указ.: с. 510. - Список лит.: с. 519
650 04 a Основная рубрика геология
a Основная рубрика минералогия
a Основная рубрика науки о Земле
653 0_ a Ключевые слова арсениты
a Ключевые слова бораты
a Ключевые слова ванадаты
a Ключевые слова вольфраматы
a Ключевые слова галогениды
a Ключевые слова гидроокислы
a Ключевые слова карбонаты
a Ключевые слова минералы
a Ключевые слова молибден
a Ключевые слова неметаллы
a Ключевые слова нитраты
a Ключевые слова окислы
a Ключевые слова полезные ископаемые
a Ключевые слова породообразующие минералы
a Ключевые слова самородные металлы
a Ключевые слова силикаты
a Ключевые слова систематика
a Ключевые слова соли
a Ключевые слова сульфиды
a Ключевые слова фосфаты
a Ключевые слова фториды
901 t Тип документа m
952 a Тип литературы для КСУ ВШ НАУ